Cocker's decimal arithmetick (Record no. 113417)
[ view plain ]
| 000 -LEADER | |
|---|---|
| fixed length control field | 01768cam a22002175a 4500 |
| 001 - CONTROL NUMBER | |
| control field | L155231 |
| 008 - FIXED-LENGTH DATA ELEMENTS--GENERAL INFORMATION | |
| fixed length control field | 120313s1695 xxk f 000 0 eng d |
| 035 ## - SYSTEM CONTROL NUMBER | |
| System control number | (Sirsi) u155231 |
| 041 0# - LANGUAGE CODE | |
| Language code of text/sound track or separate title | eng |
| 100 1# - MAIN ENTRY--PERSONAL NAME | |
| Personal name | Cocker, Edward |
| Dates associated with a name | 1631-1675 |
| 245 00 - TITLE STATEMENT | |
| Title | Cocker's decimal arithmetick |
| Remainder of title | wherein is shewed the nature and use of decimal fractions, in the usual rules of arithmetick, and the mensuration of plains and solids. Together with tables of interest and rebate for the valuation of leases and annuities, present, or, in reversion, and rules for calculating those tables. Whereunto is added his Artificial arithmetick, shewing the genesis or fabrick of the logarithms, and their use in the extraction of roots, the solving of questions in anatocism, and in other arithmetical rules in a method not usually practised. Also his Algebraical arithmetick, containing the doctrine of composing and resolving an equation; with all other rules requisite for the understanding of that mysterious art, according to the method used by Mr. John Kersey in his incomparable treatise of algebra. Composed by Edward Cocker, late practitioner in the arts of writing, arithmetick and engraving. Perused, corrected, and published by John Hawkins, ... |
| 260 ## - PUBLICATION, DISTRIBUTION, ETC. | |
| Place of publication, distribution, etc. | London |
| Name of publisher, distributor, etc. | printed [by James Orme] for George Sawbridge, at the Three Flower de Luces in Little-Brittain: and Richard Wellington, at the Lute in St. Paul's-Church-Yard |
| Date of publication, distribution, etc. | MDCXCV. [1695] |
| 300 ## - PHYSICAL DESCRIPTION | |
| Extent | [16], 144, 135-181, 180-436 p. |
| Other physical details | diagrams |
| Dimensions | 8o |
| 520 ## - SUMMARY, ETC. | |
| Summary, etc. | "To the reader" signed: John Hawkins. |
| 583 ## - ACTION NOTE | |
| Action | Condition reviewed |
| Time/date of action | 20120620 |
| Status | condition level 2 |
| 651 #4 - SUBJECT ADDED ENTRY--GEOGRAPHIC NAME | |
| Geographic name | Great Britain |
| Chronological subdivision | 1707- |
| 690 ## - LOCAL SUBJECT ADDED ENTRY--TOPICAL TERM (OCLC, RLIN) | |
| Topical term or geographic name as entry element | Measurement |
| 9 (RLIN) | 6256 |
| 700 1# - ADDED ENTRY--PERSONAL NAME | |
| Personal name | Hawkins, John |
| Dates associated with a name | 17th cent. |
| 700 1# - ADDED ENTRY--PERSONAL NAME | |
| Personal name | Kersey, John |
| Dates associated with a name | 1616-1690? |
| 942 ## - ADDED ENTRY ELEMENTS (KOHA) | |
| Suppress in OPAC | 0 |
| Withdrawn status | Lost status | Damaged status | Not for loan | Home library | Current library | Shelving location | Date acquired | Total Checkouts | Full call number | Barcode | Date last seen | Copy number | Price effective from | Koha item type |
|---|---|---|---|---|---|---|---|---|---|---|---|---|---|---|
| Historic collection | Historic collection | Historic collection | 13/03/2012 | MATHS & SCIENCE OCTAVO 1695 COCKER | 30077645 | 26/08/2025 | 1 | 06/08/2019 | Book |